Normale Ansicht MARC-Ansicht ISBD

Russkij Futbol : (Titelsatznr. 52875)

[ MARC ]
MARC-Details
000 -Satzkennung
Kontrollfeld mit fester Länge 00787nam a22002531c 4500
001 - Kontrollnummer
Kontrollfeld a987690389
008 - Feld mit fester Länge zur physischen Beschreibung - Allgemeine Angaben
Kontrollfeld mit fester Länge 180829s2018 gw |||| 000u ger d
020 ## - Internationale Standardbuchnummer
Internationale Standardbuchnummer 9783742502049
Verknüpfung 978-3-7425-0204-9
041 ## - Sprachcode
Sprachcode des Textes/der Tonspur oder des separaten Titels ger
040 ## - Katalogisierungsquelle
Übertragungsstelle RU-10907106
003 - Kontrollnummer Identifier
Kontrollfeld RU-10907106
245 00 - Titel
Titel Russkij Futbol :
Zusatz zum Titel ein Lesebuch
250 ## - Ausgabebezeichnung
Ausgabebezeichnung Sonderausgabe für die Bundeszentrale für politische Bildung
264 ## - Produktion, Veröffentlichung, Distribution, Herstellung und Urheberrechtsvermerk
Herstellungs-, Veröffentlichungs- Vertriebs-, Erzeugungsort Bonn :
Produzent, Herausgeber, Distributor, Hersteller Bundeszentrale für politsche Bildung,
Datum der Herstellung, der Veröffentlichung, des Vertriebs oder des Urheberschutzvermerks 2018
300 ## - Physische Beschreibung
Umfang 224 Seiten
490 #0 - Gesamttitelangabe
Gesamttitelangabe Schriftenreihe / Bundeszentrale für Politische Bildung
Bandnummer/Folgebezeichnung 10204
650 #0 - Nebeneintragung unter einem Schlagwort - Sachschlagwort
Sachschlagwort oder geografischer Name als Eintragungselement Fußball
651 #0 - Nebeneintragung unter einem Schlagwort - Geografischer Name
Geografischer Name Russland
651 #0 - Nebeneintragung unter einem Schlagwort - Geografischer Name
Geografischer Name Sowjetunion
700 1# - Nebeneintragung - Personenname
Personenname Felsberg, Stephan
Funktionsbezeichnung HerausgeberIn
700 1# - Nebeneintragung - Personenname
Personenname Köhler, Tim
Funktionsbezeichnung HerausgeberIn
700 1# - Nebeneintragung - Personenname
Personenname Brand, Martin
Funktionsbezeichnung HerausgeberIn
942 ## - Zusätzliche Felder (Koha)
Koha-Medientyp Monographien
Exemplare
Ausgeschieden Verloren Klassifikation oder Aufstellungssystematik Beschädigt Nicht entleihbar Heimatbibliothek Aufenthaltsbibliothek Aufstellungsort Erwerbungsdatum Inventarnummer Signatur Barcode Letzte Aktivität Preis gültig von Koha-Medientyp
    Andere/Generische Klassifikation     MWN Osteuropa MWN Osteuropa Magazin - 2 29/08/2018 19-00144 R 60 k Fel E00401506CBDB7BA 23/02/2021 22/03/2021 Monographien